| 000 | 02014aam a2200349 i 4500 | ||
|---|---|---|---|
| 001 | 768714001 | ||
| 003 | CO-MdFUSB | ||
| 005 | 20220625062546.0 | ||
| 007 | ta | ||
| 008 | 201216t1937 enk |||| |||| 00| 0 eng d | ||
| 020 | _a[No incluye ISBN] | ||
| 040 |
_bspa. _aCO-MdFUSB _cCO-MdFUSB _dCO-MdFUSBC _erda |
||
| 041 | _aeng | ||
| 082 |
_223 _a296.1131 _bL824 |
||
| 100 | 1 |
_aLods, Adolphe _eautor |
|
| 245 | 4 |
_aThe prophets and the rise of Judaism _c/ Adolphe Lods ; traducido por Samuel Henry Hooke |
|
| 264 | 1 |
_aLondon : _b Kegan Paul, Trench, Trubner _c[1937] |
|
| 264 | 4 | _c© 1937 | |
| 300 |
_axxiv, 378 páginas _c; 24 cm |
||
| 336 |
_atexto _btxt _2rdacontent |
||
| 337 |
_2rdamedia _asin mediación _bn |
||
| 338 |
_2rdacarrier _avolumen _bnc |
||
| 501 | _aPasta dura | ||
| 505 | _aLa conquista asiria, fin del reino de Israel - Fin del reino de Judá - Características generales del movimiento profético - Los profetas de Israel en el siglo VIII - El movimiento profético en el reino de Judá en el siglo VIII - La vida religiosa en el reino de Judá en el siglo VII - La reforma de Josías - Los últimos años del reino de Judá - El exilio - Los judíos bajo el dominio persa - Los judíos bajo el dominio griego - La actitud religiosa de las masas en la época del exilio - La transformación de la profecía durante el exilio - El movimiento ritualista en la época del exilio - El primer siglo de la restauración, desaparición gradual de la profecía - Finalización de la redacción de la legislación sacerdotal, su adopción por el judaísmo del segundo siglo de la restauración - Pensamiento religioso, crecimiento de la teología sistemática - Pensamiento religioso, discusión de las doctrinas predominantes - Piedad. | ||
| 563 | _aTapa dura | ||
| 630 | 7 |
_aBiblia. _pProfetas _xCrítica, interpretación, etc. |
|
| 650 | 7 |
_aJudaísmo _xHistoria _2 _96884 |
|
| 700 |
_93750 _aHooke, S.H. (Samuel Henry) _etraductor |
||
| 942 | _cBK | ||
| 945 | _aJTF-925 | ||
| 999 |
_c45419 _d45419 |
||